[Event "TUR-chT 1st League"]
[Site "Konya"]
[Date "2022.08.25"]
[Round "5.6"]
[White "Atik, Muhammed Ihsan"]
[Black "Can, Furkan"]
[Result "0-1"]
[WhiteElo "1583"]
[BlackElo "2101"]
[PlyCount "68"]
[EventDate "2022.08.22"]
[EventType "team-swiss"]
[EventRounds "9"]
[EventCountry "TUR"]
[SourceTitle "CBM 209 Extra"]
[Source "ChessBase"]
[SourceDate "2022.09.30"]
[SourceVersion "1"]
[SourceVersionDate "2022.09.30"]
[SourceQuality "1"]
[WhiteTeam "Olbia Satranc"]
[BlackTeam "Mercan Sanat"]
[WhiteTeamCountry "TUR"]
[BlackTeamCountry "TUR"]

1. d4 d5 2. Nf3 Nf6 3. g3 g6 4. Bg2 Bg7 5. 0-0 0-0 6. c4 c6 7. Qb3 Qb6 8. Qxb6 axb6 9. cxd5 Nxd5 10. Nc3 Nxc3 11. bxc3 Be6 12. a3 b5 13. Nd2 Nd7 14. Be4 Nb6 15. Bc2 Na4 16. Bxa4 Rxa4 17. Bb2 Rfa8 18. e4 Bc4 19. Rfe1 e6 20. f4 Bf8 21. Nxc4 bxc4 22. Ra2 b5 23. Rea1 c5 24. dxc5 Bxc5+ 25. Kf1 Rd8 26. Ke2 Rd3 27. e5 Re3+ 28. Kf1 Rf3+ 29. Kg2 Rf2+ 30. Kh1 Be3 31. Rd1 b4 32. cxb4 c3 33. Bc1 Rxa2 34. Bxe3 c2 0-1

[Event "TUR Cup"]
[Site "Antalya"]
[Date "2020.02.02"]
[Round "11"]
[White "Atik, Muhammed Ihsan"]
[Black "Bulut, Nazim"]
[Result "1-0"]
[WhiteElo "1585"]
[BlackElo "1506"]
[PlyCount "65"]
[EventDate "2020.01.26"]
[EventType "swiss"]
[EventRounds "11"]
[EventCountry "TUR"]
[SourceTitle "CBM 194 Extra"]
[Source "ChessBase"]
[SourceDate "2020.03.31"]
[SourceVersion "1"]
[SourceVersionDate "2020.03.31"]
[SourceQuality "1"]

1. d4 d6 2. Nf3 e6 3. e4 c6 4. c3 Nd7 5. Bd3 g6 6. 0-0 Bg7 7. Be3 f6 8. Nfd2 Nh6 9. f4 Nf7 10. f5 e5 11. Bc4 Qe7 12. Rf3 a6 13. Rg3 Nf8 14. a4 Bd7 15. Qb3 d5 16. Qxb7 Rd8 17. fxg6 Nh6 18. exd5 cxd5 19. Bxd5 Nxg6 20. Bxh6 Bxh6 21. Ne4 exd4 22. cxd4 f5 23. Nbc3 Kf8 24. Rf1 Kg7 25. Rxf5 Rhf8 26. Rxf8 Qxf8 27. Qxa6 Qf4 28. Qf1 Bf5 29. Rf3 Qg4 30. Rxf5 Be3+ 31. Kh1 Bxd4 32. Rf7+ Kh8 33. Nf6 1-0

[Event "TUR Cup"]
[Site "Antalya"]
[Date "2019.01.30"]
[Round "6"]
[White "Atik, Muhammed Ihsan"]
[Black "Ekinci, Berkay"]
[Result "0-1"]
[WhiteElo "1464"]
[BlackElo "1688"]
[PlyCount "80"]
[EventDate "2019.01.27"]
[EventType "swiss"]
[EventRounds "11"]
[EventCountry "TUR"]
[SourceTitle "CBM 188 Extra"]
[Source "ChessBase"]
[SourceDate "2019.02.26"]
[SourceVersion "1"]
[SourceVersionDate "2019.02.26"]
[SourceQuality "1"]

1. d4 Nf6 2. Nf3 e6 3. g3 c5 4. c3 Nc6 5. Bg2 d5 6. 0-0 Be7 7. Bf4 0-0 8. Nbd2 b6 9. dxc5 bxc5 10. Re1 Nh5 11. e3 f6 12. g4 Nxf4 13. exf4 Qc7 14. f5 e5 15. Nh4 Rd8 16. Qb3 Kh8 17. c4 Rb8 18. Ng6+ Kg8 19. Qa4 hxg6 20. Bxd5+ Rxd5 21. cxd5 Nd4 22. Qe8+ Bf8 23. Qxg6 Bd7 24. Ne4 Qd8 25. Qh5 Nf3+ 26. Kg2 Nxe1+ 27. Rxe1 Be8 28. Qh4 Qxd5 29. Kg1 Bc6 30. g5 fxg5 31. Qh5 Rb4 32. f3 Qd4+ 33. Kh1 Bxe4 34. fxe4 Qf2 35. Rg1 Rxe4 36. f6 Qxf6 37. Rxg5 Re1+ 38. Rg1 Rxg1+ 39. Kxg1 Qf4 40. Qg6 Qc1+ 0-1

[Event "TUR Cup"]
[Site "Antalya"]
[Date "2019.01.30"]
[Round "5"]
[White "Elalmis, Husamettin"]
[Black "Atik, Muhammed Ihsan"]
[Result "1/2-1/2"]
[WhiteElo "1754"]
[BlackElo "1464"]
[PlyCount "127"]
[EventDate "2019.01.27"]
[EventType "swiss"]
[EventRounds "11"]
[EventCountry "TUR"]
[SourceTitle "CBM 188 Extra"]
[Source "ChessBase"]
[SourceDate "2019.02.26"]
[SourceVersion "1"]
[SourceVersionDate "2019.02.26"]
[SourceQuality "1"]

1. e4 g6 2. d4 Bg7 3. Nc3 d6 4. Be3 Nf6 5. f3 0-0 6. Qd2 c6 7. 0-0-0 b5 8. Kb1 Qa5 9. g4 Na6 10. Nd5 Qd8 11. Nxf6+ Bxf6 12. h4 Rb8 13. h5 Bg7 14. Bh6 Be6 15. Bxg7 Kxg7 16. hxg6 fxg6 17. Qh6+ Kf7 18. d5 Bc8 19. Qxh7+ Ke8 20. Qxg6+ Kd7 21. dxc6+ Kxc6 22. e5 Nc5 23. exd6 Rf6 24. Qh7 Rxd6 25. Bd3 Be6 26. b3 Qa5 27. Ne2 Rbd8 28. Be4+ Nxe4 29. Qxe4+ Bd5 30. Qe3 Kc7 31. Qxe7+ R8d7 32. Qe5 Kb7 33. Nc1 b4 34. Rh5 Qc7 35. Rd4 a5 36. Qg3 Qc5 37. Rd2 a4 38. Qf2 Qc6 39. f4 a3 40. Qd4 Bc4 41. Qxd6 Rxd6 42. Rxd6 Qxd6 43. bxc4 Kc6 44. Nd3 Qd4 45. Rc5+ Kb6 46. Rb5+ Kc7 47. Rxb4 Qg1+ 48. Nc1 Qxg4 49. Rb3 Qxf4 50. Rxa3 Qxc4 51. Rb3 Qf1 52. a3 Kc6 53. Kb2 Qf6+ 54. Ka2 Qf2 55. Rc3+ Kb5 56. Kb2 Qd4 57. Nd3 Ka5 58. Kb3 Qa4+ 59. Kb2 Qd4 60. Nc5 Kb5 61. Nb3 Qf6 62. Nd2 Qd4 63. Nc4 Ka4 64. Ne3 1/2-1/2